El universo religioso de Dostoyevski
Salvato in:
| Autore principale: | |
|---|---|
| Natura: | Libro |
| Lingua: | spagnolo |
| Pubblicazione: |
Buenos Aires
Emece
1958
|
| Edizione: | 2a. ed |
| Serie: | Colección Grandes Ensayistas
|
| Soggetti: | |
| Tags: |
Aggiungi Tag
Nessun Tag, puoi essere il primo ad aggiungerne!!
|
MARC
| LEADER | 00000nam a2200000 a 4500 | ||
|---|---|---|---|
| 001 | UCV9204 | ||
| 003 | CL-VaPUC | ||
| 008 | 920708e19580000AG |||||||||||||||||spa|d | ||
| 082 | 0 | 4 | |a 891.703 |b GUA |2 21 |
| 100 | |a Guardini, Romano |e author |9 341351 | ||
| 245 | 1 | 3 | |a El universo religioso de Dostoyevski |
| 250 | |a 2a. ed | ||
| 300 | |a 314 p | ||
| 942 | |c BK | ||
| 945 | |d 19920708 00:00:00 | ||
| 260 | |a Buenos Aires |b Emece |c 1958 | ||
| 600 | 0 | |a Dostoievski, Fedor |9 267773 | |
| 650 | 0 | |a Crítica e interpretación |9 255042 | |
| 650 | 0 | |a Filosofía cristiana |9 265980 | |
| 583 | |a last modification |c 19920708 00:00:00 |k Rodrigo Vera | ||
| 490 | 0 | |a Colección Grandes Ensayistas | |
| 999 | |c 214576 |d 214574 | ||
| 952 | |0 0 |1 0 |4 0 |6 891_703000000000000_GUA_1958 |7 0 |8 P |9 198113 |a BIBARQ |b BIBARQ |d 2019-11-14 |i 2656795 |o 891.703 GUA 1958 |p 2656795 |r 2025-01-20 |w 2019-11-14 |y BK |k ARQ | ||
| 952 | |0 0 |1 0 |4 0 |6 891_703000000000000_GUA_1958 |7 0 |8 P |9 198114 |a BIBEDU |b BIBEDU |c BIBEDU_PB |d 2019-11-14 |i 1587323 |o 891.703 GUA 1958 |p 1587323 |r 2024-01-25 |w 2019-11-14 |y BK |k FIL | ||
| 952 | |0 0 |1 0 |4 0 |6 891_703000000000000_GUA_1958 |7 0 |8 P |9 198115 |a BIBTEO |b BIBTES |c TEO_FTES |d 2019-11-14 |i 2091674 |o 891.703 GUA 1958 |p 2091674 |r 2024-01-18 |w 2019-11-14 |y BK |k ICR | ||